Marcus Aurelius and his times : (Record no. 2369)
[ view plain ]
| 000 -CABECERA | |
|---|---|
| campo de control de longitud fija | 00846cam a22002051 4500 |
| 001 - NÚMERO DE CONTROL | |
| campo de control | 000002533 |
| 005 - FECHA Y HORA DE LA ÚLTIMA TRANSACCIÓN | |
| campo de control | 20200929150217.0 |
| 008 - DATOS DE LONGITUD FIJA--INFORMACIÓN GENERAL | |
| campo de control de longitud fija | 721213s1945 nyu 000 0 eng |
| 040 ## - FUENTE DE LA CATALOGACIÓN | |
| Centro catalogador/agencia de origen | DO-SdBNP |
| Centro/agencia transcriptor | BNPHU |
| Lengua de catalogación | spa |
| 082 ## - NÚMERO DE LA CLASIFICACIÓN DECIMAL DEWEY | |
| Número de clasificación | xx |
| Número de documento/Ítem | xx |
| 245 00 - MENCIÓN DE TÍTULO | |
| Título | Marcus Aurelius and his times : |
| Resto del título | the transition from paganism to christianity / |
| Mención de responsabilidad, etc. | selección, Walter Pater With ; introduccíon, Irwin Edman. |
| 260 ## - PUBLICACIÓN, DISTRIBUCIÓN, ETC. | |
| Lugar de publicación, distribución, etc. | New York : |
| Nombre del editor, distribuidor, etc. | Classics Club by Walter J. Black, |
| Fecha de publicación, distribución, etc. | 1945. |
| 300 ## - DESCRIPCIÓN FÍSICA | |
| Extensión | viii, 306 p. ; |
| Dimensiones | 20 cm. |
| 650 #0 - PUNTO DE ACCESO ADICIONAL DE MATERIA--TÉRMINO DE MATERIA | |
| Término de materia o nombre geográfico como elemento de entrada | Philosophy, ancient. |
| 9 (RLIN) | 7955 |
| 700 01 - PUNTO DE ACCESO ADICIONAL--NOMBRE DE PERSONA | |
| Nombre de persona | Aurelius, Marcus, |
| Títulos y otros términos asociados al nombre | Emperador de Roma, |
| Fechas asociadas al nombre | 121-180. |
| Título de la obra | Meditations. |
| Lenguaje de la obra | English. |
| 9 (RLIN) | 7956 |
| 700 01 - PUNTO DE ACCESO ADICIONAL--NOMBRE DE PERSONA | |
| Nombre de persona | Lucian, |
| Títulos y otros términos asociados al nombre | de Samosata. |
| 9 (RLIN) | 7957 |
| 700 01 - PUNTO DE ACCESO ADICIONAL--NOMBRE DE PERSONA | |
| Nombre de persona | Martyr, Justin, |
| Títulos y otros términos asociados al nombre | Martyr, Saint. |
| 9 (RLIN) | 7958 |
| 700 01 - PUNTO DE ACCESO ADICIONAL--NOMBRE DE PERSONA | |
| Nombre de persona | Pater, Walter, |
| Fechas asociadas al nombre | 1839-1894. |
| Título de la obra | Marius the Epicurean. |
| 9 (RLIN) | 7959 |
| 700 01 - PUNTO DE ACCESO ADICIONAL--NOMBRE DE PERSONA | |
| Nombre de persona | Edman, Irwin, |
| Fechas asociadas al nombre | 1896-1954. |
| Término indicativo de función/relación | introd. |
| 9 (RLIN) | 7960 |
| Estado de retiro | Estado de pérdida | Restricciones de uso | No para préstamo | Código de colección | Localización permanente | Ubicación/localización actual | Ubicación en estantería | Fecha de adquisición | Número de inventario | Total de préstamos | Signatura topográfica completa | Código de barras | Fecha visto por última vez | Precio válido a partir de | Tipo de ítem Koha |
|---|---|---|---|---|---|---|---|---|---|---|---|---|---|---|---|
| Préstamo interno | Monografías: Libros y Folletos | General | General | En catalogación | 14.09.2009 | LF1 | xx xx | 2533-10 | 25.06.2020 | 25.06.2020 | Préstamo interno |
